00673nam a2200205Ia 4500008004100000040001800041041000800059100003300067245009700100260003900197300001800236490001500254504003800269650002400307650001900331650002400350650002000374700004400394700002900438130821s1970 fr gr fre  aCo-BoUCMbspa00afre aFlaubert, Gustaved1821-188000aSalammbocGustavo Flaubert, préface de Henri Thomas, introduction y notes de Pierre Moreau aParís (Francia)bGallimardc1970 a530 páginas aFolio; 608 aIncluye bibliografía e índice04aLiteratura francesa04aNovela amorosa04aNovela de aventuras04aNovela francesa aMoreau, Pierre., Introducción y Notas aThomas, Henri., Prefacio